Catalog

Record Details

Catalog Search



Žižka a husitská revoluce  Cover Image Book Book

Žižka a husitská revoluce / Kamil Krofta

Krofta, Kamil (Author).

Record details

  • Physical Description: 184 s.
  • Edition: 2. vyd.
  • Publisher: Praha Jan Laichter 1937

Available copies

  • 2 of 2 copies available at Common Catalog SPOK.

Holds

  • 0 current holds with 2 total copies.
Show Only Available Copies
Location Call Number / Copy Notes Barcode Shelving Location Status Due Date
ETS Library 943.70224 424470002547 Volný výběr Available -
ETS Library 943.70224 424470010197 Volný výběr Available -

LDR 00740nam a2 00253
00136818
003CZ-PrJAB
00520030506000000.0
008030506s1937 xr e |||| |cze
009cz
035 . ‡a(CONS)10667
035 . ‡aKPS4059
041 . ‡acze
08214. ‡a943.70224
100 . ‡71779 ‡aKrofta, Kamil
245 . ‡aŽižka a husitská revoluce / ‡cKamil Krofta
250 . ‡a2. vyd.
260 . ‡aPraha ‡bJan Laichter ‡c1937
300 . ‡a184 s.
490 . ‡aLaichterův výbor nejlepších spisů poučných ‡vSv. 59
653 . ‡aŽižka a husitská revoluce
8524 . ‡bETS ‡bETS ‡cVolný výběr ‡j943.70224 ‡gE ‡p424470010197
8524 . ‡bETS ‡bETS ‡cVolný výběr ‡j943.70224 ‡gA ‡p424470002547
910 . ‡aABG450
999 . ‡a10667 ‡bAUTOGEN ‡c10667 ‡tbiblio
905 . ‡uadmin
901 . ‡a36818 ‡b ‡c36818 ‡tbiblio ‡sets

Additional Resources